书目信息 |
| 题名: |
环境材料导论
|
|
| 作者: | 刘江龙 著 | |
| 分册: | ||
| 出版信息: | 北京 冶金工业出版社 1999.07 |
|
| 页数: | 263页 | |
| 开本: | 32开 | |
| 丛书名: | ||
| 单 册: | ||
| 中图分类: | X-05 | |
| 科图分类: | ||
| 主题词: | 环境科学 , 劳动? | |
| 电子资源: | ||
| ISBN: | 7-5024-2327-3 | |
| 000 | 00559nam0 2200205 45 | |
| 001 | 0004270814 | |
| 005 | 20000804094548.5 | |
| 010 | @a7-5024-2327-3@d18.00元 | |
| 100 | @a20000427d1999 km y0chiy0120 ea | |
| 101 | @achi | |
| 105 | @a z 000yy | |
| 200 | 1 | @a环境材料导论@AHuan Jing Cai Liao Dao Lun@f刘江龙著@FLiu Jiang Long Zhu |
| 210 | @a北京@c冶金工业出版社@d1999.07 | |
| 215 | @a263页@d32开 | |
| 606 | 0 | @a环境科学 |
| 606 | 0 | @a劳动? |
| 690 | @aX-05@v3 | |
| 701 | @a刘江龙@4著 | |
| 801 | @aCN@bPftUser@c20000427 | |
| 905 | @dX-05@eL477@b87222-231@f10 | |
| 环境材料导论/刘江龙著.-北京:冶金工业出版社,1999.07 |
| 263页;32开 |
| ISBN 7-5024-2327-3:18.00元 |
| ● |
| 相关链接 |
|
|
|
正题名:环境材料导论
索取号:X-05/L477
 
预约/预借
| 序号 | 登录号 | 条形码 | 馆藏地/架位号 | 状态 | 备注 |
| 1 | 87222 | 200872225 | 期刊室512/501自科库 60排4列5层/ [索取号:X-05/L477] | 在馆 | |
| 2 | 87223 | 200872234 | 自科二线400A/400A自科库 25排3列3层/ [索取号:X-05/L477] | 在馆 | |
| 3 | 87224 | 200872243 | 自科二线400A/400A自科库 25排3列3层/ [索取号:X-05/L477] | 在馆 | |
| 4 | 87225 | 200872252 | 自科二线400A/400A自科库 25排3列3层/ [索取号:X-05/L477] | 在馆 | |
| 5 | 87226 | 200872261 | 自科二线400A/400A自科库 25排3列3层/ [索取号:X-05/L477] | 在馆 | |
| 6 | 87227 | 200872270 | 自科库501/501自科库 60排4列5层/ [索取号:X-05/L477] | 在馆 | |
| 7 | 87228 | 200872289 | 期刊室512/501自科库 60排4列5层/ [索取号:X-05/L477] | 在馆 | |
| 8 | 87229 | 200872298 | 自科库501/501自科库 60排4列5层/ [索取号:X-05/L477] | 在馆 | |
| 9 | 87230 | 200872305 | 期刊室512/501自科库 60排4列5层/ [索取号:X-05/L477] | 在馆 | |
| 10 | 87231 | 200872314 | 期刊室512/501自科库 60排4列5层/ [索取号:X-05/L477] | 在馆 |